000 01241nam a2200313 4500
001 0000031066
003 CO-CtgCURN
005 20250329164847.0
007 ta
008 160708s2003 000 0 eng d
040 _aCO-CtgCURN
_bspa
_ccoctgcurn
082 0 _aCo863
_bF395c
100 1 _aFerro Rojas, Gerardo.
245 1 0 _aCadaveres exquisitos /
_cGerardo Ferro Rojas.
260 _aCartagena de Indias :
_bInstituto de Patrimonio y Cultura de Cartagena,
_c2003.
300 _a91 p.
336 _2rdacontent
337 _2rdamedia
_asin mediacion
_bn
338 _2rdacarrier
_avolumen
_bnc
500 _aObra ganadora en el genero de cuento de la Tercera Convocatoria de Premios y Becas Distritales a la Creacion e Investigación Artistica y Cultural del IPCC.
505 8 _a505Cadaveres exquisitos.--Dolor de muela.--Las pelotas de chejov.--Mirando la pared en blanco de espaldas al mundo.--La comunidad del autobus
650 1 4 _aCuentos colombianos.
650 1 4 _aCuentos fantasticos colombianos.
730 0 _aBolivar-Bibliografia regional.
908 _a160708
942 _cBK
_hCo863
_iF395c
_2ddc
999 _c2567
_d2567